Water safety planning for small community water supplies: Step-by-step risk management guidance for drinking water supplies in small communities
Saved in:
| Corporate Author: | |
|---|---|
| Format: | Book |
| Published: |
Geneva, Switzerland
World Health Organization
2012
|
| Subjects: | |
| Online Access: | http://whqlibdoc.who.int/publications/2012/9789241548427_eng.pdf |
| Tags: |
Add Tag
No Tags, Be the first to tag this record!
|
| LEADER | 00806nam a22001577a 4500 | ||
|---|---|---|---|
| 020 | |a 978924158427 | ||
| 060 | |a WA 675 | ||
| 245 | |a Water safety planning for small community water supplies: |b Step-by-step risk management guidance for drinking water supplies in small communities | ||
| 260 | |a Geneva, Switzerland |b World Health Organization |c 2012 | ||
| 300 | |a v, 55 p. : |b ill. ; | ||
| 650 | |a Water quality |a Drinking water |a Water pollution |a Water supply standards |a Manuals |a World Health Organization |9 320 | ||
| 710 | |a World Health Organization |9 11 | ||
| 856 | |u http://whqlibdoc.who.int/publications/2012/9789241548427_eng.pdf | ||
| 942 | |2 NLM |c WHO | ||
| 952 | |0 0 |1 0 |2 NLM |4 0 |6 WA_675_000000000000000_WHO_2012 |7 0 |9 949 |a NHRC |b NHRC |c CART |d 2012-11-05 |l 0 |o WA 675/WHO/2012 |p 001624 |r 2012-11-05 |w 2012-11-05 |y WHO | ||
| 999 | |c 917 |d 917 | ||